000 00676 a2200205 4500
010 _aENG-89327
020 _a1831303566
_c495.00
035 _aEN-72860
037 _bDBAD / PUB
082 1 4 _a338.1
090 _c10763
_d10763
100 1 _aKannan, Seshadri
245 1 _aFood famine and fertilizers/
_cby Seshadri Kannan
260 _aNew Delhi
_bAPH Publishing Corporation
_c2008
270 _a4435-36/7, Ansari Road, Darya Ganj,
_bNew Delhi
_cDelhi
_e110002
300 _ax, 179 p.
_c21 cm ( Hb.)
500 _aIncludes index
942 _adpl
_cEN
_k338.1/ KAN
999 _c10467
_d10467